000
00318nam a22001457a 4500
020
_a
9788181312563
082
_a
823
_b
BR1/W
245
_a
WORDS
_b
Early Discovery
246
_a
Words
_b
Early Discovery
250
_a
2012
260
_a
UK
_b
Carrie Hartman
_c
2012
300
_a
56
520
_a
About Alphabets
942
_c
BK
999
_c
232
_d
232